พูดอังกฤษอย่างดีเลิศ เล่ม 2 (ระเบียนเลขที่ 42669)
| 000 -LEADER | |
|---|---|
| fixed length control field | 00541nam a22001697a 4500 |
| 003 - CONTROL NUMBER IDENTIFIER | |
| control field | NALT |
| 005 - DATE AND TIME OF LATEST TRANSACTION | |
| control field | 20230707143651.0 |
| 008 - FIXED-LENGTH DATA ELEMENTS--GENERAL INFORMATION | |
| fixed length control field | s2546 th ||||| |||| 00| 0 tha d |
| 020 ## - INTERNATIONAL STANDARD BOOK NUMBER | |
| International Standard Book Number | 9748843041 |
| 040 ## - CATALOGING SOURCE | |
| Original cataloging agency | NALT |
| 100 0# - MAIN ENTRY--PERSONAL NAME | |
| Personal name | นำชัย สีดา |
| 245 10 - TITLE STATEMENT | |
| Title | พูดอังกฤษอย่างดีเลิศ เล่ม 2 |
| 260 3# - PUBLICATION, DISTRIBUTION, ETC. | |
| Name of publisher, distributor, etc. | โรงพิมพ์สุวรรณภูมิ, |
| Date of publication, distribution, etc. | 2546 |
| 850 ## - HOLDING INSTITUTION | |
| Holding institution | NALT |
| 942 ## - ADDED ENTRY ELEMENTS (KOHA) | |
| Koha item type | General Book |
| Source of classification or shelving scheme | Library of Congress Classification |
| 998 ## - STAFF NAME (NALT) | |
| -- | 111 |
| -- | นางสาวพจพิณ พรมเอี่ยม |
| Withdrawn status | Lost status | Damaged status | Not for loan | Collection code | Home library | Current library | Date acquired | Total Checkouts | Total Renewals | Full call number | Barcode | Date last seen | Date last checked out | Price effective from | Koha item type |
|---|---|---|---|---|---|---|---|---|---|---|---|---|---|---|---|
| General Book collection | National Assembly Library of Thailand | National Assembly Library of Thailand | 07/07/2023 | 1 | 1 | 3961153342 | 21/07/2023 | 07/07/2023 | 09/06/2017 | General Book |
